Computing essentials, 2002-2003 / (Record no. 18763)

MARC details
000 -LEADER
fixed length control field 01048cam a22002894a 4500
005 - DATE AND TIME OF LATEST TRANSACTION
control field 20230616111101.0
008 - FIXED-LENGTH DATA ELEMENTS--GENERAL INFORMATION
fixed length control field 020109s2002 maua 001 0 eng
010 ## - LIBRARY OF CONGRESS CONTROL NUMBER
LC control number 2002016518
020 ## - INTERNATIONAL STANDARD BOOK NUMBER
ISBN 0071131507 (international : alk. paper)
040 ## - CATALOGING SOURCE
Original cataloging agency DLC
Transcribing agency DLC
Modifying agency DLC
042 ## - AUTHENTICATION CODE
Authentication code pcc
050 00 - LIBRARY OF CONGRESS CALL NUMBER
Item number .O443 2002
082 00 - DEWEY DECIMAL CLASSIFICATION NUMBER
Classification number 004
Edition number 21
Item number LEA-C
100 1# - MAIN ENTRY--AUTHOR
Author Name O'Leary, Timothy J.,
Dates associated with a name 1947-
245 10 - TITLE STATEMENT
Title Computing essentials, 2002-2003 /
Statement of responsibility, etc. Timothy J. O'Leary, Linda I. O'Leary.
250 ## - EDITION STATEMENT
Edition statement Introductory ed.
260 ## - PUBLICATION, DISTRIBUTION, ETC.
Place of Publication Boston :
Name of publisher, distributor, etc. McGraw-Hill Irwin,
Date of publication, distribution, etc. c2002.
300 ## - PHYSICAL DESCRIPTION
Pages 1 v. (various pagings) :
500 ## - GENERAL NOTE
General note Includes index.
650 #0 - SUBJECT ADDED ENTRY--TOPICAL TERM
Subject / Department Computers.
650 #0 - SUBJECT ADDED ENTRY--TOPICAL TERM
Subject / Department Electronic data processing.
700 1# - ADDED ENTRY--PERSONAL NAME
Personal name O'Leary, Linda I.
246 14 - VARYING FORM OF TITLE
Title proper/short title 2002-2003 computing essentials
300 ## - PHYSICAL DESCRIPTION
-- col. ill. ;
-- 28 cm.
906 ## - LOCAL DATA ELEMENT F, LDF (RLIN)
a 7
b cbc
c orignew
d 1
e ocip
f 20
g y-gencatlg
952 ## - LOCATION AND ITEM INFORMATION (KOHA)
-- 0
-- 0
952 ## - LOCATION AND ITEM INFORMATION (KOHA)
-- 0
-- 0
Holdings
Lost status Damaged status Permanent Location Current Location Shelving Location Date acquired Full Call Number Accession No./Barcode Date last seen item type
    Superior Information Resource Center (SIRC) Superior University- Gold Campus Superior Information Resource Center (SIRC) Superior University- Gold Campus computing 06/16/2023 004 LEA-C 2002 19348 06/16/2023 BOOK
    Superior Information Resource Center (SIRC) Superior University- Gold Campus Superior Information Resource Center (SIRC) Superior University- Gold Campus computing 08/29/2023 004 LEA-C 2002 19715 08/29/2023 BOOK

Powered by Koha